=LDR 00000nam 2200000 4500 =001 INLIS000000000007562 =005 20231214102505 =035 ##$$a 0010-061300000007562 =008 231214###########################0###### =041 ##$$a Ind =082 ##$$a 150.192 =090 ##$$a 400.1, Sum b =100 ##$$a Brouwer, MAW =245 1#$$a Badan manusia dalam cahaa psikologi fenomenologis, MAW Brouwer =260 ##$$a 1986 :$b Jakarta =300 ##$$a xiii, 245 hlm, 21 cm =650 #4$$a Psikologi-fenomenologis =850 ##$$a NBPNMAT =084 ##$$a 150.192 BRO b =990 ##$$a 36.137/Pro.90